00339nam a2200109Ia 4500008004100000082001300041100001800054245004400072942000600116952009400122999001300216240331s9999 xx 000 0 und d a297bMAU aMaududi , A.A 0aPurdah and the status of women in Islam cL 001040708LaWERCLbWERCLcSSCd2024-03-31l0o 297 MAUp640r2024-03-31w2024-03-31yL c941d941